000 00198 a2200097 4500
020 _a071162007503
041 _aeng
100 _aSHARYN MC CRUMB
245 _aTHE BALLAD OF FRANKIE SILVER
942 _cBK
999 _c6492
_d6492